| 000 | 00795nam a22002533a 4500 | ||
|---|---|---|---|
| 005 | 20250910063902.0 | ||
| 008 | 011012s1999 es r 000 0 spa d | ||
| 020 | _a8427710992 (10 dígitos) | ||
| 020 | 9 | 7 | _89788427710993 (13 dígitos) |
| 035 | _aUPN01000112989 | ||
| 049 | _aCG | ||
| 050 | 4 |
_aLC272 _bC6.5 1999 |
|
| 245 | 0 | 0 |
_aCómo educar en valores : _bmateriales, textos, recursos y técnicas / _cLlorenc Carreras ... [et al.]. |
| 250 | _a7a ed. | ||
| 260 |
_aMadrid : _bNarcea, _c1999. |
||
| 300 | _a310 p. | ||
| 440 | 0 | _aEducación hoy | |
| 500 | _a"11a ed., mayo 2002" (reimpresión) | ||
| 500 | _a"15a ed., 2009" (reimpresión) | ||
| 650 | 4 |
_aEducación moral _91396 |
|
| 650 | 4 |
_aValores _xEstudio y enseñanza _9310 |
|
| 700 | 1 |
_aCarreras, Llorenc, _ecoaut. |
|
| 905 | _aLibro | ||
| 999 |
_c86897 _d86897 |
||